| 000 | 00534nam a22001937i 4500 | ||
|---|---|---|---|
| 001 | 6487 | ||
| 003 | OSt | ||
| 005 | 20181116144913.0 | ||
| 007 | tu | ||
| 008 | 161220s1995 xxu||||| |||| 00| 0 d | ||
| 024 | 7 |
_a6487 _2RID |
|
| 024 | 7 |
_a6487 _2RSN (alt) |
|
| 040 | _cOSt | ||
| 245 | 0 | 0 |
_aPrognose für 1995 und 1996 _bAnpassung an neue Wettbewerbsbedingungen |
| 260 |
_aWien : _bWIFO, _c1995. |
||
| 110 | 2 | _aÖsterreichisches Institut für Wirtschaftsforschung (WIFO) | |
| 490 |
_aWIFO Prognose für ... _vSeptember 1995. |
||
| 942 | _cP | ||
| 999 |
_c6052 _d6052 |
||